Ανέκδοτα ποιήματα : (1882-1923)

Αποθηκεύτηκε σε:
Λεπτομέρειες βιβλιογραφικής εγγραφής
Κύριος συγγραφέας: Καβάφης, Κωνσταντίνος Π., 1863-1933
Άλλοι συγγραφείς: Σαββίδης, Γιώργος Π., 1929-1995 (Επιμελητής έκδοσης)
Μορφή: Βιβλίο
Γλώσσα:Greek
Δημοσίευση: Αθήνα : Ίκαρος, 1982.
Θέματα:
Ετικέτες: Προσθήκη ετικέτας
Δεν υπάρχουν, Καταχωρήστε ετικέτα πρώτοι!

MARC

LEADER 00000cam a2200000 i 4500
001 1/100101
008 081223s1982 gre d
035 |l 10102726 
040 |a GR-MY-UA  |b gre  |e aacr 
041 0 |a gre 
082 0 |a 889.1  |2 (22) 
100 1 |a Καβάφης, Κωνσταντίνος Π.,   |d 1863-1933. 
245 1 0 |a Ανέκδοτα ποιήματα :  |b (1882-1923) /  |c Κ.Π. Καβάφη ; φιλολογική επιμέλεια Γ.Π. Σαββίδη.  
260 |a Αθήνα :   |b Ίκαρος,   |c 1982.  
300 |a 267 σ. ;   |c 24 εκ.  
600 1 0 |a Καβάφης, Κωνσταντίνος Π.,   |d 1863-1933. 
650 0 0 |a Greek poetry  |x History. 
700 1 |a Σαββίδης, Γιώργος Π.,   |d 1929-1995,  |e edt 
852 |a INST  |b RHODES  |c AKA  |e 20081223  |h  889.1 ΚΑΒ  |p 005400031724  |q 005400031724  |t BK  |y 0 
901 |a BIBL4-2008-3 
909 |a Ρ  |b 156750 
970 |a ΚΟΖΑ  |b ΜΑΡΙΑ  |z 2008/12/23